| 000 | 00416nam a2200145Ia 4500 | ||
|---|---|---|---|
| 008 | 230917s9999||||xx |||||||||||||| ||und|| | ||
| 040 |
_e137534 _aMAIN |
||
| 041 | _aEnglish | ||
| 082 | _a333.7 M829A | ||
| 100 | _aMoroney, John R | ||
| 245 | 0 | _aAdvances in the economics of energy and resources, vol.3 economics aspedts of newttechnology. | |
| 260 |
_aAmerica _bJai press _c1980 |
||
| 300 | _a251 p. | ||
| 942 | _cBK | ||
| 999 |
_c221673 _d221673 |
||